| 000 | 01114nam a2200325 i 4500 | ||
|---|---|---|---|
| 003 | EG-GICUC | ||
| 005 | 20260121101217.0 | ||
| 008 | 251113s1966 fr d|||f |||| 000 0 fre d | ||
| 040 |
_aEG-GiCUC _bfre _cEG-GiCUC _dEG-GiCUC _eRda |
||
| 041 | 0 | _afre | |
| 082 | 0 | 4 |
_221 _a338.91 _bGR . R |
| 092 | 0 | 4 | _221 |
| 099 | _aLaw1 13 338.91 GR . R 1966 | ||
| 100 | 1 |
_aGranier, Roland _eAuteur |
|
| 245 | 1 | 0 |
_aRythmes De Croissance Et Inégalités Internationales De Développement \ _cRoland Granier, Claude Zarka |
| 264 |
_aParis : _bÉditions Cujas, _c1966. |
||
| 300 |
_a196 page : _billustrations, tableaux, graphiques _c 22 cm. |
||
| 336 |
_2rda contenu _a texte |
||
| 337 |
_2rda medias _aOrdinateur |
||
| 338 |
_2 transporteur rda _a Ressource en ligne |
||
| 500 | _aComprend des annexes | ||
| 504 | _aBibliography: pages 187-189. | ||
| 546 | _aTexte en français | ||
| 650 | 1 |
_aFinances publiques et législation fiscale _2qrmak |
|
| 651 | 1 | _2qrmak | |
| 700 | 1 |
_aZarka, Claude _ePréfacier |
|
| 856 | 4 | 0 | _uhttps://fll.law.cu.edu.eg/fulltext/bks/B13-07496.pdf |
| 905 | _a70 | ||
| 942 |
_2ddc _cBK _e21 _n0 |
||
| 999 |
_c43035 _d43035 |
||